The brand power manifesto (Record no. 4522)

MARC details
000 -CABECERA
campo de control de longitud fija 01649cam a2200265 i 4500
001 - NÚMERO DE CONTROL
campo de control 991107456830306196
005 - FECHA Y HORA DE LA ÚLTIMA TRANSACCIÓN
campo de control 20250311145329.0
008 - DATOS DE LONGITUD FIJA--INFORMACIÓN GENERAL
campo de control de longitud fija 240112s2024 ne a e b 000 0 eng d
020 ## - NÚMERO INTERNACIONAL ESTÁNDAR DEL LIBRO
Número Internacional Estándar del Libro 9789063697020
Información calificativa paperback
035 ## - NÚMERO DE CONTROL DEL SISTEMA
Número de control de sistema (OCoLC)1465007956
035 ## - NÚMERO DE CONTROL DEL SISTEMA
Número de control de sistema (OCoLC)on1465007956
040 ## - FUENTE DE LA CATALOGACIÓN
Centro catalogador/agencia de origen TOH
Lengua de catalogación eng
Normas de descripción rda
Centro/agencia transcriptor TOH
Centro/agencia modificador OCLCO
-- OQX
-- AKECL
-- YDX
050 #4 - SIGNATURA TOPOGRÁFICA DE LA BIBLIOTECA DEL CONGRESO
Número de clasificación HD6072.5
Número de documento/Ítem .B35 2024
100 ## - ENTRADA PRINCIPAL--NOMBRE DE PERSONA
Nombre de persona Baldwin, Abigail,
Término indicativo de función/relación author.
9 (RLIN) 24867
245 14 - MENCIÓN DE TÍTULO
Título The brand power manifesto
Resto del título : branding brilliance for female entrepreneurs
Mención de responsabilidad, etc. / Abigail & Chloe Baldwin.
264 #1 - PRODUCCIÓN, PUBLICACIÓN, DISTRIBUCIÓN, FABRICACIÓN Y COPYRIGHT
Producción, publicación, distribución, fabricación y copyright Amsterdam, The Netherlands :
Nombre del de productor, editor, distribuidor, fabricante BIS Publishers,
Fecha de producción, publicación, distribución, fabricación o copyright [2024]
300 ## - DESCRIPCIÓN FÍSICA
Extensión 180 pages :
Otras características físicas illustrations (some colour) ;
Dimensiones 24 cm
504 ## - NOTA DE BIBLIOGRAFÍA, ETC.
Nota de bibliografía, etc. Includes bibliographical references.
520 ## - SUMARIO, ETC.
Sumario, etc. "Are you a female entrepreneur aiming to reach your highest potential? Then this is the book you need! Authored and designed by Abigail and Chloe Baldwin--dynamic twin sisters and successful business owners--this book unveils a unique roadmap to building confidence and a strong personal brand. Drawing from their own entrepreneurial journey, the Baldwins intertwine personal anecdotes with a practical branding framework. Emphasizing teamwork, personal growth, and strategic business development, it offers ten actionable strategies for women to enhance their brand and elevate their business. Follow their framework, and you're not just boosting your profile--you're transforming your revenue"--Publisher website.
650 #0 - PUNTO DE ACCESO ADICIONAL DE MATERIA--TÉRMINO DE MATERIA
Término de materia o nombre geográfico como elemento de entrada Branding (Marketing)
9 (RLIN) 6284
650 #0 - PUNTO DE ACCESO ADICIONAL DE MATERIA--TÉRMINO DE MATERIA
Término de materia o nombre geográfico como elemento de entrada Entrepreneurship
9 (RLIN) 570
650 #0 - PUNTO DE ACCESO ADICIONAL DE MATERIA--TÉRMINO DE MATERIA
Término de materia o nombre geográfico como elemento de entrada Businesswomen
9 (RLIN) 11054
700 ## - ENTRADA AGREGADA--NOMBRE PERSONAL
Nombre de persona Baldwin, Chloe,
Término indicativo de función/relación author.
9 (RLIN) 24868
942 ## - ELEMENTOS DE ENTRADA AGREGADA (KOHA)
Fuente del sistema de clasificación o colocación Clasificación de Library of Congress
Holdings
Estado de retiro Estado de pérdida Fuente del sistema de clasificación o colocación Estado dañado No para préstamo Biblioteca de origen Biblioteca actual Fecha de adquisición Total de préstamos Signatura topográfica completa Código de barras Fecha visto por última vez Número de copia Precio válido a partir de Tipo de ítem Koha
    Clasificación de Library of Congress     TBS Barcelona TBS Barcelona 11/03/2025   HD6072.5 BAL B07511 11/03/2025 1 11/03/2025 Book

Powered by Koha